000 00754nam a2200205 i 4500
001 bg
245 0 _aHabitat-środowisko mieszkaniowe człowieka /
_cred. nauk. Tadeusz Izbicki.
260 _aWrocław :
_bWydaw. PW,
_c1989.
300 _a228 s. :
_brys., wykr. ;
_c24 cm.
490 1 _aPrace Instytutu Architektury i Urbanistyki Politechniki Wrocławskiej,
_x0324-9891 ;
_v24
650 9 _aBudownictwo mieszkaniowe
_xprojekty
650 9 _aJakość życia
650 9 _aOsiedle mieszkaniowe
_xplanowanie przestrzenne
830 _aPrace Instytutu Architektury i Urbanistyki Politechniki Wrocławskiej,
_x0324-9891 ;
040 _cBPK
041 _apol
080 _a728.3:69:711.4/.8:308
942 _cKS
008 s pl f |000 0 pol
999 _c29025
_d29025
856 _uhttp://koha.tu.koszalin.pl/cgi-bin/koha/opac-detail.pl?biblionumber=29025
_yKatalog online BPK